Zdaňovanie príjmov zo závislej činnosti vykonávanej zahraničnými občanmi na území SR

Rozhraničenie daňovej rezidencie. Zdaňovanie závislých osobných služieb podľa zmlúv o zamedzení dvojitého zdanenia. Zdanenie závislej činnosti daňovníka s obmedzenou daňovou povinnosťou podľa zákona o dani z príjmov.

Na minha lista:
Detalhes bibliográficos
Autor principal: Brnová, Miroslava
Formato: Capítulo de Livro
Idioma:eslovaco
Assuntos:
Tags: Adicionar Tag
Sem tags, seja o primeiro a adicionar uma tag!

MARC

LEADER 00000naa$a2200000$$$4500
001 0115171
005 20231114101114.1
041 0 |a slo 
044 |a SK 
245 1 0 |a Zdaňovanie príjmov zo závislej činnosti vykonávanej zahraničnými občanmi na území SR  |c Miroslava Brnová 
520 |a Rozhraničenie daňovej rezidencie. Zdaňovanie závislých osobných služieb podľa zmlúv o zamedzení dvojitého zdanenia. Zdanenie závislej činnosti daňovníka s obmedzenou daňovou povinnosťou podľa zákona o dani z príjmov. 
610 2 0 |a rezidenti 
610 2 0 |a dane 
610 2 0 |a daňovníci 
610 2 0 |a Slovensko 
100 1 |a Brnová, Miroslava